[Event "Lagos South West op"]
[Site "Lagos"]
[Date "2023.07.16"]
[Round "9"]
[White "Akinwamide, Oluwadamilare"]
[Black "Lapite, Oluwadurotimi Opeol"]
[Result "1-0"]
[WhiteElo "2149"]
[BlackElo "2150"]
[PlyCount "76"]
[EventDate "2023.07.12"]
[EventType "swiss"]
[EventRounds "9"]
[EventCountry "NGR"]
[SourceTitle "CBM 215 Extra"]
[Source "ChessBase"]
[SourceDate "2023.09.30"]
[SourceVersion "1"]
[SourceVersionDate "2023.09.30"]
[SourceQuality "1"]

1. d4 Nf6 2. Bg5 d5 3. Bxf6 gxf6 4. e3 e6 5. Qh5 c5 6. Nc3 cxd4 7. exd4 Nc6 8. 0-0-0 Bb4 9. Nge2 Bd7 10. Rd3 Qa5 11. Kb1 0-0-0 12. Nc1 Kb8 13. Nb3 Qc7 14. Qh4 Be7 15. f4 f5 16. Qf2 Na5 17. Nxa5 Qxa5 18. Be2 Rc8 19. Bh5 Rhf8 20. Re1 Rc6 21. Ne2 Rfc8 22. c3 Rb6 23. Nc1 Be8 24. Nb3 Qb5 25. Be2 Qc6 26. Rh3 Qc7 27. Rxh7 Bd6 28. g4 fxg4 29. Bxg4 Qd8 30. f5 Qf6 31. Qf3 e5 32. Qxd5 exd4 33. Qxd4 Qg5 34. h4 Qf4 35. Qxf4 Bxf4 36. f6 Rd8 37. Rh8 Bg3 38. Rexe8 Be5 1-0

[Event "Accra zt 4.4"]
[Site "Accra"]
[Date "2019.04.21"]
[Round "1"]
[White "Akinwamide, Oluwadamilare"]
[Black "Attade, Josias Prosper"]
[Result "1-0"]
[WhiteElo "2161"]
[BlackElo "1553"]
[PlyCount "71"]
[EventDate "2019.04.21"]
[EventType "swiss"]
[EventRounds "9"]
[EventCountry "GHA"]
[SourceTitle "EXT 2020"]
[Source "ChessBase"]
[SourceDate "2019.10.17"]
[SourceVersion "1"]
[SourceVersionDate "2019.10.17"]
[SourceQuality "1"]

1. d4 Nf6 2. Nc3 d5 3. Bf4 e6 4. Nb5 Bd6 5. e3 Bxf4 6. exf4 Ne4 7. Bd3 Bd7 8. Nf3 Bxb5 9. Bxb5+ Nd7 10. 0-0 0-0 11. a4 c6 12. Bd3 Ndf6 13. c3 a5 14. Ne5 Qb6 15. Qe2 c5 16. dxc5 Qxc5 17. Bxe4 dxe4 18. Rfd1 Rfd8 19. g3 g6 20. Kf1 Rd5 21. Rxd5 exd5 22. Rd1 Rd8 23. Rd4 Rd6 24. Qd2 b5 25. b4 Qb6 26. Kg2 axb4 27. Nc4 dxc4 28. Rxd6 Qb7 29. Qd4 e3+ 30. f3 Qe7 31. Qxf6 Qxf6 32. Rxf6 bxa4 33. cxb4 c3 34. Rc6 a3 35. Rxc3 e2 36. Kf2 1-0